000 00827nam a22002057a 4500
999 _c7429
_d7429
003 AR-CdUCM
008 190312b ||||| |||| 00| 0 spa d
040 _aMUNICIPALIDAD PROVINCIAL DEL CUSCO
_cBIBLIOTECA MUNICIPAL DEL CUSCO
082 _a918.5 /
_bR81
100 _aRomero, Emilio
_91531
245 _aPerú :
_bUna nueva geografía /
260 _aLima :
_bStudium,
300 _a376 paginas ;
_c24 cm.
_eMapas.
505 _aContenido : Los limites -- El mapa del Perú -- El mar del Perú -- La corriente peruana -- Paisaje del Perú -- Los paisaje fitogegráfico -- La lucha por la vida vegetal -- La costa - Lomas y algarrobales ...
650 _aGeografía del Perú
_98049
650 _aPoblamiento del Perú
_915891
650 _aGeografía económica
_93160
942 _2ddc
_cLIBROS
945 _awfj